[Event "Cellavision Cup 2018"]
[Site "Lund"]
[Date "2018.08.03"]
[Round "4"]
[White "Seo, Jung Min"]
[Black "Kiese, Matthias"]
[Result "1/2-1/2"]
[WhiteElo "2356"]
[BlackElo "2194"]
[Annotator "ChessBase"]
[PlyCount "132"]
[EventDate "2018.08.03"]
[EventType "swiss"]
[EventCountry "SWE"]
[SourceTitle "playchess.com"]
[Source "ChessBase"]
[SourceQuality "1"]
[TimeControl "900+5"]

1. e4 {[%emt 0:00:00]} c5 {[%emt 0:00:00]} 2. Nf3 {[%emt 0:00:00]} d6 {[%emt 0:00:00]} 3. Bb5+ {[%emt 0:00:04]} Bd7 {[%emt 0:00:02]} 4. Bxd7+ {[%emt 0:00:09]} Qxd7 {[%emt 0:00:02]} 5. O-O {[%emt 0:00:03]} Nf6 {[%emt 0:00:02]} 6. Re1 {[%emt 0:00:06]} Nc6 {[%emt 0:00:03]} 7. c4 {[%emt 0:00:17]} g6 {[%emt 0:00:29]} 8. d4 {[%emt 0:00:40]} cxd4 {[%emt 0:00:03]} 9. Nxd4 {[%emt 0:00:01]} Bg7 {[%emt 0:00:16]} 10. Nc3 {[%emt 0:00:25]} O-O {[%emt 0:00:17]} 11. f3 {[%emt 0:01:27]} Rfc8 {[%emt 0:02:03]} 12. Nde2 {[%emt 0:00:52]} a6 {[%emt 0:00:40]} 13. Be3 {[%emt 0:00:45]} Na5 {[%emt 0:02:26]} 14. b3 {[%emt 0:00:09]} b5 {[%emt 0:00:09]} 15. cxb5 {[%emt 0:00:21]} axb5 {[%emt 0:00:03]} 16. Qd3 {[%emt 0:00:51]} Rab8 {[%emt 0:00:47]} 17. Rac1 {[%emt 0:00:19]} Nc6 {[%emt 0:00:27]} 18. Nd4 {[%emt 0:00:44]} Nxd4 {[%emt 0:00:29]} 19. Bxd4 {[%emt 0:00:06]} Qb7 {[%emt 0:00:17]} 20. g3 {[%emt 0:00:42]} b4 {[%emt 0:00:24]} 21. Na4 {[%emt 0:00:33]} Nd7 {[%emt 0:00:49]} 22. Kg2 {[%emt 0:00:50]} Ne5 {[%emt 0:00:38]} 23. Bxe5 {[%emt 0:00:10]} Bxe5 {[%emt 0:00:06]} 24. Qd2 {[%emt 0:00:15]} Qb5 {[%emt 0:00:55]} 25. Rc2 {[%emt 0:00:43]} h5 {[%emt 0:00:55]} 26. Rec1 {[%emt 0:00:15]} Rxc2 {[%emt 0:00:06]} 27. Qxc2 {[%emt 0:00:06]} Bf6 {[%emt 0:01:29]} 28. Qc4 {[%emt 0:00:13]} Qg5 {[%emt 0:00:16]} 29. f4 {[%emt 0:00:54]} Qg4 {[%emt 0:00:07]} 30. h3 {[%emt 0:00:07]} Qd7 {[%emt 0:00:25]} 31. Qc6 {[%emt 0:00:37]} Qxc6 {[%emt 0:00:58]} 32. Rxc6 {[%emt 0:00:01]} Kf8 {[%emt 0:00:01]} 33. Kf3 {[%emt 0:00:15]} Ke8 {[%emt 0:00:01]} 34. Ke2 {[%emt 0:00:22]} Kd7 {[%emt 0:00:09]} 35. Rc4 {[%emt 0:00:47]} e6 {[%emt 0:00:06]} 36. Kd3 {[%emt 0:00:06]} d5 {[%emt 0:00:07]} 37. Rc2 {[%emt 0:00:08]} dxe4+ {[%emt 0:00:15]} 38. Kxe4 {[%emt 0:00:01]} Rb5 {[%emt 0:00:18]} 39. Rc5 {[%emt 0:00:26]} Rb8 {[%emt 0:00:19]} 40. Rc4 {[%emt 0:00:22]} Be7 {[%emt 0:00:21]} 41. Nc5+ {[%emt 0:00:42]} Bxc5 {[%emt 0:00:07]} 42. Rxc5 {[%emt 0:00:01]} Ra8 {[%emt 0:00:01]} 43. Rb5 {[%emt 0:00:42]} Rxa2 {[%emt 0:00:03]} 44. Rb7+ {[%emt 0:00:20]} Kd6 {[%emt 0:00:10]} 45. Rxb4 Re2+ {[%emt 0:00:05]} 46. Kf3 {[%emt 0:00:09]} Rb2 {[%emt 0:00:01]} 47. Rb7 {[%emt 0:00:22]} f5 {[%emt 0:00:05]} 48. h4 {[%emt 0:00:02]} Kc6 {[%emt 0:00:03]} 49. Rb8 {[%emt 0:00:39]} Kc5 {[%emt 0:00:10]} 50. Ke3 {[%emt 0:00:20]} Rb1 {[%emt 0:00:11]} 51. b4+ {[%emt 0:00:18]} Kd5 {[%emt 0:00:09]} 52. Rb5+ {[%emt 0:00:05]} Kd6 {[%emt 0:00:09]} 53. Rb8 {[%emt 0:00:06]} Kd5 {[%emt 0:00:04]} 54. Rd8+ {[%emt 0:00:03]} Kc6 {[%emt 0:00:04]} 55. Rg8 {[%emt 0:00:03]} Rxb4 {[%emt 0:00:11]} 56. Rxg6 {[%emt 0:00:01]} Rb3+ {[%emt 0:00:00]} 57. Kf2 {[%emt 0:00:02]} Kd5 {[%emt 0:00:02]} 58. Rh6 {[%emt 0:00:01]} Ra3 {[%emt 0:00:12]} 59. Kg2 {[%emt 0:00:03]} Ra2+ {[%emt 0:00:15]} 60. Kh3 {[%emt 0:00:03]} Ra1 {[%emt 0:00:15]} 61. Rxh5 {[%emt 0:00:04]} Ke4 {[%emt 0:00:01]} 62. Kg2 {[%emt 0:00:22]} Ra2+ {[%emt 0:00:01]} 63. Kh3 {[%emt 0:00:08]} Kf3 {[%emt 0:00:16]} 64. Rg5 {[%emt 0:00:03]} Ra1 {[%emt 0:00:06]} 65. Kh2 {[%emt 0:00:01]} Ra2+ {[%emt 0:00:07]} 66. Kh3 {[%emt 0:00:03]} Ra1 {[%emt 0:00:01]} 1/2-1/2

[Event "Cellavision Cup 2018"]
[Site "Lund"]
[Date "2018.08.03"]
[Round "4"]
[White "Ornstein, Axel"]
[Black "Friberg, Hans"]
[Result "1-0"]
[WhiteElo "2309"]
[BlackElo "2126"]
[Annotator "NA"]
[PlyCount "105"]
[EventDate "2018.08.03"]
[EventType "swiss"]
[EventCountry "SWE"]
[SourceTitle "playchess.com"]
[Source "ChessBase"]
[SourceQuality "1"]
[TimeControl "900+5"]

1. e4 {[%emt 0:00:00]} Nf6 {[%emt 0:00:00]} 2. e5 {[%emt 0:00:05]} Nd5 {[%emt 0:00:00]} 3. d4 {[%emt 0:00:01]} d6 {[%emt 0:00:00]} 4. Nf3 {[%emt 0:00:01]} g6 {[%emt 0:00:02]} 5. Bc4 {[%emt 0:00:08]} dxe5 {[%emt 0:00:11]} 6. Nxe5 {[%emt 0:00:12]} c6 {[%emt 0:00:01]} 7. O-O {[%emt 0:00:30]} Bg7 {[%emt 0:01:09]} 8. Nc3 {[%emt 0:00:11]} O-O {[%emt 0:00:12]} 9. Ne4 {[%emt 0:00:01]} Nd7 {[%emt 0:00:28]} 10. Nxd7 {[%emt 0:00:30]} Bxd7 {[%emt 0:00:09]} 11. Re1 {[%emt 0:00:05]} Bf5 {[%emt 0:01:34]} 12. c3 {[%emt 0:00:03]} Re8 {[%emt 0:00:25]} 13. Bg5 {[%emt 0:00:04]} Bxe4 {[%emt 0:00:43]} 14. Rxe4 {[%emt 0:00:02]} Qd7 {[%emt 0:00:01]} 15. Qd2 {[%emt 0:00:23]} e6 {[%emt 0:00:11]} 16. Rae1 {[%emt 0:00:05]} Rac8 {[%emt 0:00:14]} 17. Bh6 {[%emt 0:00:35]} Bh8 {[%emt 0:00:04]} 18. h4 {[%emt 0:00:01]} Nf6 {[%emt 0:00:26]} 19. R4e2 {[%emt 0:00:02]} c5 {[%emt 0:00:05]} 20. dxc5 {[%emt 0:00:36]} Qxd2 {[%emt 0:00:24]} 21. Rxd2 {[%emt 0:00:03]} Rxc5 {[%emt 0:00:02]} 22. Bb3 {[%emt 0:00:05]} b6 {[%emt 0:01:16]} 23. g3 {[%emt 0:00:54]} Bg7 {[%emt 0:00:42]} 24. Be3 {[%emt 0:00:14]} Rcc8 {[%emt 0:00:31]} 25. Red1 {[%emt 0:00:39]} Ng4 {[%emt 0:00:13]} 26. Rd7 {[%emt 0:00:07]} Nxe3 {[%emt 0:00:02]} 27. fxe3 {[%emt 0:00:01]} Be5 {[%emt 0:00:19]} 28. Kg2 {[%emt 0:00:13]} Rc7 {[%emt 0:00:21]} 29. Rxc7 {[%emt 0:00:06]} Bxc7 {[%emt 0:00:01]} 30. Rd7 {[%emt 0:00:01]} Bb8 {[%emt 0:00:14]} 31. g4 {[%emt 0:00:26]} h6 {[%emt 0:00:13]} 32. Bc4 {[%emt 0:00:10]} Kf8 {[%emt 0:00:34]} 33. Bb5 {[%emt 0:00:04]} Rc8 {[%emt 0:00:06]} 34. c4 {[%emt 0:00:14]} Kg7 {[%emt 0:00:01]} 35. Kf3 {[%emt 0:00:13]} Be5 {[%emt 0:01:08]} 36. Rxa7 {[%emt 0:00:20]} Bxb2 {[%emt 0:00:01]} 37. Bd7 {[%emt 0:00:01]} Rxc4 {[%emt 0:02:22]} 38. Bxe6 {[%emt 0:00:02]} Rc3 {[%emt 0:00:01]} 39. Rxf7+ {[%emt 0:00:15]} Kh8 {[%emt 0:00:02]} 40. Bb3 {[%emt 0:00:15]} Rc6 {[%emt 0:01:01]} 41. g5 {[%emt 0:01:35]} hxg5 {[%emt 0:00:03]} 42. hxg5 {[%emt 0:00:01]} Ba3 {[%emt 0:01:08]} 43. e4 {[%emt 0:00:32]} Bd6 {[%emt 0:00:35]} 44. Rf6 {[%emt 0:00:10]} Kg7 {[%emt 0:00:04]} 45. e5 {[%emt 0:00:18]} Rc3+ {[%emt 0:00:04]} 46. Ke4 {[%emt 0:00:01]} Bc5 {[%emt 0:00:05]} 47. Rf7+ {[%emt 0:00:13]} Kh8 {[%emt 0:00:01]} 48. e6 {[%emt 0:00:01]} Re3+ {[%emt 0:00:10]} 49. Kd5 {[%emt 0:01:16]} Re2 {[%emt 0:00:41]} 50. Kc6 {[%emt 0:00:09]} Re3 {[%emt 0:00:26]} 51. Bd5 {[%emt 0:00:21]} Re5 {[%emt 0:00:05]} 52. a4 {[%emt 0:00:10]} Re1 {[%emt 0:00:20]} 53. a5 {[%emt 0:00:03]} 1-0

[Event "Cellavision Cup 2018"]
[Site "Lund"]
[Date "2018.08.03"]
[Round "4"]
[White "Pantzar, Milton"]
[Black "Petersson, Kjell"]
[Result "0-1"]
[WhiteElo "2306"]
[BlackElo "1999"]
[Annotator "NA"]
[PlyCount "90"]
[EventDate "2018.08.03"]
[EventType "swiss"]
[EventCountry "SWE"]
[SourceTitle "playchess.com"]
[Source "ChessBase"]
[SourceQuality "1"]
[TimeControl "900+5"]

1. d4 {[%emt 0:00:00]} f5 {[%emt 0:00:00]} 2. b3 {[%emt 0:00:00]} Nf6 {[%emt 0:00:01]} 3. Bb2 {[%emt 0:00:01]} e6 {[%emt 0:00:09]} 4. e3 {[%emt 0:00:12]} b6 {[%emt 0:00:18]} 5. Nc3 {[%emt 0:00:19]} Bb7 {[%emt 0:00:05]} 6. f3 {[%emt 0:00:08]} Be7 {[%emt 0:01:24]} 7. Qd2 {[%emt 0:00:02]} a5 {[%emt 0:00:34]} 8. a3 {[%emt 0:00:05]} d6 {[%emt 0:01:04]} 9. O-O-O {[%emt 0:00:17]} O-O {[%emt 0:00:15]} 10. Kb1 {[%emt 0:00:22]} Nbd7 {[%emt 0:01:36]} 11. Nh3 {[%emt 0:00:09]} Re8 {[%emt 0:01:19]} 12. Bb5 {[%emt 0:01:45]} c6 {[%emt 0:00:10]} 13. Bd3 {[%emt 0:00:02]} b5 {[%emt 0:00:29]} 14. Ne2 {[%emt 0:00:11]} Qb6 {[%emt 0:00:48]} 15. Nef4 {[%emt 0:01:19]} Nf8 {[%emt 0:00:13]} 16. e4 {[%emt 0:00:05]} fxe4 {[%emt 0:00:30]} 17. fxe4 {[%emt 0:00:03]} e5 {[%emt 0:00:23]} 18. Ne2 {[%emt 0:00:27]} Ng6 {[%emt 0:00:21]} 19. Ng5 {[%emt 0:01:15]} c5 {[%emt 0:00:47]} 20. dxc5 {[%emt 0:01:05]} dxc5 {[%emt 0:00:06]} 21. Ng3 {[%emt 0:02:52]} Ba6 {[%emt 0:00:34]} 22. Be2 {[%emt 0:01:39]} c4 {[%emt 0:00:10]} 23. Nf5 {[%emt 0:00:21]} Bf8 {[%emt 0:00:33]} 24. Ne3 {[%emt 0:01:06]} Rac8 {[%emt 0:01:03]} 25. Nd5 {[%emt 0:00:07]} Qc6 {[%emt 0:00:30]} 26. Qxa5 {[%emt 0:00:41]} cxb3 {[%emt 0:00:30]} 27. cxb3 {[%emt 0:00:13]} Qc2+ {[%emt 0:00:04]} 28. Ka1 {[%emt 0:00:25]} Qxe2 {[%emt 0:00:34]} 29. Qxa6 {[%emt 0:00:11]} Nxd5 {[%emt 0:00:29]} 30. Rxd5 {[%emt 0:00:46]} Qxg2 {[%emt 0:00:15]} 31. Rdd1 {[%emt 0:00:57]} Qxg5 {[%emt 0:00:01]} 32. Qxb5 {[%emt 0:00:07]} Qe3 {[%emt 0:00:35]} 33. Rhe1 {[%emt 0:00:05]} Qc5 {[%emt 0:00:01]} 34. Qd7 {[%emt 0:00:12]} Re7 {[%emt 0:00:11]} 35. Qd3 {[%emt 0:00:08]} Nf4 {[%emt 0:00:05]} 36. Qf3 {[%emt 0:00:07]} Ra8 {[%emt 0:00:06]} 37. Kb1 {[%emt 0:00:06]} Rf7 {[%emt 0:00:21]} 38. Rc1 {[%emt 0:00:04]} Qb5 {[%emt 0:00:07]} 39. Qc3 {[%emt 0:00:02]} Qd3+ {[%emt 0:00:02]} 40. Ka2 {[%emt 0:00:08]} Qxc3 {[%emt 0:00:02]} 41. Rxc3 {[%emt 0:00:01]} Rfa7 {[%emt 0:00:06]} 42. a4 {[%emt 0:00:01]} Bb4 {[%emt 0:00:03]} 43. Rec1 {[%emt 0:00:06]} Bxc3 {[%emt 0:00:01]} 44. Rxc3 {[%emt 0:00:00]} Rb8 {[%emt 0:00:07]} 45. Rc5 {[%emt 0:00:07]} Nd3 {[%emt 0:00:04]} 0-1

[Event "Cellavision Cup 2018"]
[Site "Lund"]
[Date "2018.08.03"]
[Round "4"]
[White "Bogo, Soren"]
[Black "Hansen, Sune Berg"]
[Result "0-1"]
[WhiteElo "2238"]
[BlackElo "2589"]
[Annotator "TA"]
[PlyCount "50"]
[EventDate "2018.08.03"]
[EventType "swiss"]
[EventCountry "SWE"]
[SourceTitle "playchess.com"]
[Source "ChessBase"]
[SourceQuality "1"]

{[%evp 18,50,-25,-27,-33,-22,-20,-70,-29,-93,-79,-186,-172,-174,-94,-94,-93,-98,-62,-72,-69,-72,-72,-162,-156,-172,-81,-173,-179,-466,-487,-633,-647,-812,-672]} 1. d4 Nf6 2. c4 e6 3. Nc3 Bb4 4. Nf3 b6 5. Bg5 h6 6. Bh4 Bxc3+ 7. bxc3 d6 8. e3 Bb7 9. Be2 Nbd7 10. O-O {LiveBook: 5 Games. E13: Queen's Indian/Nimzo-Indian hybrid: 4 Nc3 Bb7 5 Bg5 h6 6 Bh4 Bb4} g5 (10... Qe7 11. Nd2 e5 12. Qc2 g5 13. Bg3 h5 14. h4 Rg8 15. hxg5 Rxg5 16. d5 Qf8 17. Bh4 Rg8 {0-1 (58) Kacheishvili,G (2590)-Sadvakasov,D (2616) Sturbridge 2009}) 11. Bg3 Ne4 12. Rc1 {The position is equal.} Ndf6 $146 ({Predecessor:} 12... h5 13. h4 g4 14. Nd2 Nxg3 15. fxg3 f5 16. Qa4 O-O 17. Bd3 Qe7 {0-1 (27) Berrotaran,E (2199)-Escandell Mari,J (2285) Buenos Aires 2002}) 13. Ne1 (13. Nd2 $11) 13... h5 $17 14. f3 (14. h4 $17) 14... Nxg3 $19 15. hxg3 h4 (15... g4 $19 16. Nc2 h4 17. gxh4 g3) 16. g4 $17 h3 17. Rf2 Ke7 $36 {[%mdl 2048] Black fights for an advantage.} 18. Bf1 hxg2 19. Bxg2 Qg8 20. Nd3 (20. e4 $17) 20... Qh7 $19 21. e4 {[#]} Qh2+ $1 22. Kf1 {[#]} Qg3 $1 23. Qe2 $2 (23. Qd2) 23... Rh2 {Black is clearly winning.} 24. Rc2 Rah8 {( -> ...Rh1+!)} 25. Qe3 {[#]} Nxe4 $1 {[%mdl 512] Precision: White = 33%, Black = 80%.} 0-1

[Event "Cellavision Cup 2018"]
[Site "Lund"]
[Date "2018.08.03"]
[Round "4"]
[White "Crevatin, Leo"]
[Black "Gritsak, Orest"]
[Result "0-1"]
[WhiteElo "2198"]
[BlackElo "2464"]
[Annotator "TA"]
[PlyCount "84"]
[EventDate "2018.08.03"]
[EventType "swiss"]
[EventCountry "SWE"]
[SourceTitle "playchess.com"]
[Source "ChessBase"]
[SourceQuality "1"]

{[%evp 9,84,45,58,52,53,62,66,59,63,57,52,58,72,52,73,32,45,42,55,47,48,25,31,25,26,0,0,0,0,-6,12,-7,-6,-14,-14,-16,-11,-42,-50,-59,-35,-37,-35,-38,-24,-102,-102,-103,-101,-134,-136,-235,-235,-223,-147,-143,-124,-125,-115,-146,-146,-146,-139,-158,-139,-209,-211,-212,-210,-204,-201,-198,-201,-29991,-29992,-29996,-29997]} 1. d4 e6 2. c4 Bb4+ 3. Nc3 b6 4. e4 Bb7 5. f3 d5 (5... Ne7 6. Bd3 e5 7. Nge2 exd4 8. Nxd4 Nbc6 9. Nde2 Ne5 10. a3 Bxc3+ 11. Nxc3 O-O 12. Bg5 f6 13. Bh4 N7g6 {½-½ (31) Wojtaszek,R (2733)-Meier,G (2628) Dortmund 2018}) 6. Qa4+ {A40: Unusual replies to 1 d4} Nc6 7. cxd5 exd5 8. Bb5 {White is slightly better.} Bxc3+ $1 9. bxc3 Nge7 10. exd5 $146 ({Predecessor:} 10. Ne2 O-O 11. O-O Na5 12. Ng3 Bc6 13. Bxc6 Nexc6 {0-1 (30) Van der Heijden,T (2289)-Wempe,J (2261) Netherlands 2013}) 10... Qxd5 11. Ne2 a6 12. Bc4 Qd7 13. Qc2 O-O 14. O-O Rfe8 15. Nf4 Na5 16. Bd3 Ng6 17. Nxg6 hxg6 18. Bf4 Bd5 19. Rfe1 Nc4 20. Bxc4 Bxc4 21. Qd2 c6 22. a3 f6 23. Kf2 g5 24. Be3 g4 25. fxg4 Qxg4 26. h3 Qg6 27. d5 (27. Bf4 $11) 27... Bxd5 $17 {[%csl Gd5][%cal Rg6g2] [#]} 28. Kg1 b5 29. Bc5 Qg3 $40 {[%mdl 128] Black has strong attack.} 30. Re3 (30. Rab1 $17) 30... Rxe3 $19 31. Bxe3 Re8 32. Re1 Re4 33. Qf2 Qg6 34. Bd2 Rxe1+ 35. Bxe1 Qb1 36. Kh2 Qa1 37. Qe3 (37. c4 $17 bxc4 38. Qe2) 37... Qxa3 38. Qe8+ Qf8 39. Qd7 Qf7 40. Qc8+ {[#]} Kh7 $1 41. Qxa6 $2 (41. Qf5+ $19 g6 42. Qf4) 41... Qg6 {[%csl Gd5][%cal Rg6g2]} 42. Bg3 Qc2 {Precision: White = 40%, Black = 77%.} 0-1

[Event "Cellavision Cup 2018"]
[Site "Lund"]
[Date "2018.08.03"]
[Round "4"]
[White "Malm Lindberg, Henrik"]
[Black "Ernst, Thomas"]
[Result "0-1"]
[WhiteElo "2193"]
[BlackElo "2346"]
[Annotator "NA"]
[PlyCount "85"]
[EventDate "2018.08.03"]
[EventType "swiss"]
[EventCountry "SWE"]
[SourceTitle "playchess.com"]
[Source "ChessBase"]
[SourceQuality "1"]
[TimeControl "900+5"]

1. e4 {[%emt 0:00:00]} c5 {[%emt 0:00:00]} 2. Nf3 {[%emt 0:00:00]} d6 {[%emt 0:00:00]} 3. d4 {[%emt 0:00:00]} cxd4 {[%emt 0:00:01]} 4. Nxd4 {[%emt 0:00:00]} Nf6 {[%emt 0:00:02]} 5. Nc3 {[%emt 0:00:00]} a6 {[%emt 0:00:03]} 6. Be2 {[%emt 0:00:01]} e6 {[%emt 0:00:05]} 7. O-O {[%emt 0:00:02]} Be7 {[%emt 0:00:03]} 8. f4 {[%emt 0:00:02]} Nbd7 {[%emt 0:00:32]} 9. g4 {[%emt 0:01:16]} Nc5 {[%emt 0:00:22]} 10. Bf3 {[%emt 0:00:04]} d5 {[%emt 0:00:09]} 11. exd5 {[%emt 0:01:28]} exd5 {[%emt 0:00:09]} 12. Re1 {[%emt 0:00:15]} O-O {[%emt 0:00:12]} 13. g5 {[%emt 0:00:16]} Nfe4 {[%emt 0:00:16]} 14. Nxe4 {[%emt 0:00:15]} dxe4 {[%emt 0:00:13]} 15. Bxe4 {[%emt 0:00:05]} f6 {[%emt 0:00:25]} 16. g6 {[%emt 0:02:11]} Nxe4 {[%emt 0:01:12]} 17. gxh7+ {[%emt 0:00:03]} Kh8 {[%emt 0:00:27]} 18. Rxe4 {[%emt 0:00:02]} f5 {[%emt 0:00:13]} 19. Re1 {[%emt 0:00:16]} Rf6 {[%emt 0:00:55]} 20. Be3 {[%emt 0:01:03]} Rg6+ {[%emt 0:00:09]} 21. Kh1 {[%emt 0:02:26]} b5 {[%emt 0:00:20]} 22. Qf3 {[%emt 0:00:17]} Rb8 {[%emt 0:00:05]} 23. Rg1 {[%emt 0:00:23]} Bb7 {[%emt 0:00:14]} 24. Rxg6 {[%emt 0:00:11]} Bxf3+ {[%emt 0:00:04]} 25. Nxf3 {[%emt 0:00:01]} Qd5 {[%emt 0:00:26]} 26. Rf1 {[%emt 0:00:08]} Bc5 {[%emt 0:00:23]} 27. Bxc5 {[%emt 0:00:13]} Qxc5 {[%emt 0:00:02]} 28. Rg2 {[%emt 0:00:57]} Kxh7 {[%emt 0:00:47]} 29. Ng5+ {[%emt 0:01:13]} Kh8 {[%emt 0:00:05]} 30. Re1 {[%emt 0:02:24]} Qc6 {[%emt 0:01:28]} 31. Re6 {[%emt 0:01:10]} Qd5 {[%emt 0:00:06]} 32. Rd6 {[%emt 0:00:11]} Qxa2 {[%emt 0:00:14]} 33. Rgd2 {[%emt 0:00:16]} g6 {[%emt 0:01:21]} 34. Rxg6 {[%emt 0:00:13]} Qxb2 {[%emt 0:00:10]} 35. Rh6+ {[%emt 0:00:14]} Kg7 {[%emt 0:00:20]} 36. Rh7+ {[%emt 0:00:05]} Kg8 {[%emt 0:00:02]} 37. Rdd7 {[%emt 0:00:08]} Qc1+ {[%emt 0:00:17]} 38. Kg2 {[%emt 0:00:04]} Qxc2+ {[%emt 0:00:02]} 39. Kg1 {[%emt 0:00:09]} Qb1+ {[%emt 0:00:22]} 40. Kg2 {[%emt 0:00:04]} Qb2+ {[%emt 0:00:03]} 41. Kg3 {[%emt 0:00:03]} Rc8 {[%emt 0:00:14]} 42. Nf3 {[%emt 0:00:15]} a5 {[%emt 0:01:14]} 43. Rhe7 0-1

[Event "Cellavision Cup 2018"]
[Site "Lund"]
[Date "2018.08.04"]
[Round "5"]
[White "Grandelius, Nils"]
[Black "Maiorov, Nikita"]
[Result "1/2-1/2"]
[WhiteElo "2658"]
[BlackElo "2504"]
[Annotator "TA"]
[PlyCount "68"]
[EventDate "2018.08.03"]
[EventType "swiss"]
[EventCountry "SWE"]
[SourceTitle "playchess.com"]
[Source "ChessBase"]
[SourceQuality "1"]

{[%evp 29,68,0,0,0,20,8,41,36,46,27,23,17,8,0,33,32,33,9,8,0,0,0,0,0,0,0,0,0,0,0,0,0,0,0,0,0,0,0,0,0,0]} 1. e4 e5 2. Nf3 Nc6 3. Bb5 a6 4. Ba4 Nf6 5. O-O Be7 6. Re1 b5 7. Bb3 d6 8. c3 O-O 9. d4 Bg4 10. Be3 exd4 11. cxd4 Na5 {C91: Closed Ruy Lopez: 7...d6 8 c3 0-0 9 d4} 12. h3 Bh5 13. Nbd2 c5 14. g4 Nxb3 15. axb3 Bg6 {LiveBook: 3 Games} 16. Nh4 {[#]} cxd4 $146 ({Predecessor:} 16... Re8 17. Nxg6 hxg6 18. d5 Nd7 19. Bf4 {½-½ (34) Jones,G (2651)-Matlakov,M (2707) Batumi 2018}) 17. Bxd4 Nd7 18. Nf5 Bf6 19. Nf3 Ne5 20. Re3 Re8 21. Bxe5 Bxe5 22. Nxe5 dxe5 23. Rd3 Qg5 {The position is equal.} 24. Qd2 Qxd2 25. Rxd2 Bxf5 26. exf5 $11 {[%mdl 4096] Endgame KRR-KRR} g6 27. fxg6 hxg6 28. Rd6 e4 {[%cal Be5e4,Be4e3][%mdl 32]} 29. Raxa6 Rxa6 30. Rxa6 {KR-KR} e3 31. Kf1 Re4 32. Rf6 Rb4 33. Rf3 Rxb3 34. Rxe3 Rxb2 {Precision: White = 61%, Black = 74%.} 1/2-1/2

[Event "Cellavision Cup 2018"]
[Site "Lund"]
[Date "2018.08.04"]
[Round "5"]
[White "Hansen, Sune Berg"]
[Black "Sjodahl, Pontus"]
[Result "1/2-1/2"]
[WhiteElo "2589"]
[BlackElo "2404"]
[Annotator "TA"]
[PlyCount "91"]
[EventDate "2018.08.03"]
[EventType "swiss"]
[EventCountry "SWE"]
[SourceTitle "playchess.com"]
[Source "ChessBase"]
[SourceQuality "1"]

{[%evp 14,91,37,45,46,30,44,54,88,105,95,95,106,90,100,6,12,9,16,0,0,-10,0,-22,12,0,22,10,37,-6,-4,-12,-35,-142,0,-3,0,-13,17,7,14,16,10,0,0,4,0,8,10,11,10,0,0,0,0,0,0,0,0,0,0,0,0,0,0,-7,0,0,0,0,0,-7,-7,-7,-7,-7,0,-7,0,-7]} 1. d4 Nf6 2. c4 e6 3. Nf3 d5 4. Nc3 Bb4 5. g3 dxc4 6. Bg2 c5 {E20: Nimzoindisch (Seltene Züge)} (6... O-O 7. O-O Nc6 8. Qa4 Nd5 9. Qc2 Be7 10. Rd1 Ndb4 11. Qa4 Bd7 12. a3 Nb8 13. Qa5 Nd5 14. Nxd5 exd5 15. Qxd5 Ba4 16. Qxd8 Rxd8 {½-½ (23) Yu,Y (2744)-Pourramezanali,A (2533) Tbilisi 2017}) 7. O-O Nc6 8. dxc5 {LiveBook: 16 Partien} Qa5 {Weiß steht etwas besser.} 9. Qc2 $146 (9. Nd4 {feels hotter.} Bd7 10. Be3 O-O 11. Ndb5 Rab8 12. a3) ({Vorgänger:} 9. Bd2 Qxc5 10. Rc1 O-O 11. Qc2 Rd8 12. Rfd1 Bd7 13. Ne4 Nxe4 14. Qxe4 Bxd2 15. Rxd2 {½-½ (28) Yuffa,D (2285)-Brodsky,M (2554) Kharkov 2011}) 9... Qxc5 10. Bg5 Bxc3 11. Qxc3 e5 12. Be3 Qe7 13. Qxc4 Be6 14. Qa4 (14. Qc1 $16) 14... O-O $11 15. Rac1 {[#] Und Lc5 würde nun gewinnen.} Rfd8 16. a3 Bd5 17. Qh4 Rd7 18. Rfe1 Rad8 19. b4 a6 20. Bb6 Re8 21. Red1 h6 22. Bc5 Qd8 $1 23. Be3 {[#]} ({Besser ist} 23. Bh3 $15) 23... Qe7 (23... e4 $1 $17 {[%cal Re4f3]} 24. Ne1 Ne5) 24. Re1 {Die Stellung ist ausgeglichen.} Red8 25. g4 Ne4 26. Qxe7 Rxe7 27. Nh4 Nf6 28. g5 hxg5 29. Bxg5 Bxg2 (29... Re6 {is interesting.} 30. f3 Ree8 31. Nf5 Kh7 32. Ng3 Nd4) 30. Bxf6 gxf6 31. Kxg2 Red7 32. Rc3 Kf8 33. Nf5 Ne7 34. Nxe7 Kxe7 {[%mdl 4096] Endspiel KTT-KTT} 35. Rec1 f5 36. Rc7 Ke6 37. Rxd7 (37. h4 {with more complications.} f4 38. Kf3 f6 39. a4 Kf5 40. e4+) 37... Rxd7 {KT-KT} 38. Rc8 f4 39. f3 Kf5 40. Kf2 f6 41. Rh8 Rc7 42. Rb8 Rh7 43. Kg2 Rg7+ 44. Kf2 Rh7 45. Kg2 Rg7+ 46. Kf2 {Precision: Weiß = 51%, Schwarz = 52%.} 1/2-1/2

[Event "Cellavision Cup 2018"]
[Site "Lund"]
[Date "2018.08.04"]
[Round "5"]
[White "Hillarp Persson, Tiger"]
[Black "Shirov, Alexei"]
[Result "0-1"]
[WhiteElo "2542"]
[BlackElo "2631"]
[Annotator "TA"]
[PlyCount "64"]
[EventDate "2018.08.03"]
[EventType "swiss"]
[EventCountry "SWE"]
[SourceTitle "playchess.com"]
[Source "ChessBase"]
[SourceQuality "1"]

{[%evp 9,64,2,16,8,24,15,16,0,8,0,0,0,-2,-53,-56,-67,-62,-66,-63,-64,-65,-67,-78,-88,-48,-74,-71,-64,-66,-108,-114,-103,-104,-89,-108,-106,-102,-107,-100,-131,-123,-184,-177,-168,-173,-179,-155,-172,-149,-283,-282,-338,-338,-523,-502,-787,-768]} 1. Nf3 d5 2. c4 c6 3. g3 g6 4. Qa4 e6 5. Bg2 Nd7 6. Qc2 $146 {A11: English Opening: 1...c6} ({Predecessor:} 6. Qb3 Bg7 7. O-O Ne7 8. d4 O-O 9. Nc3 a5 10. cxd5 exd5 11. Rd1 Nb6 12. Bg5 {½-½ (34) Markowski,T (2574)-Shabalov,A (2613) Bermuda 2003}) 6... b5 7. cxd5 cxd5 8. d4 {The position is equal.} Ba6 9. a3 Qa5+ 10. Nbd2 Rc8 11. Qb1 (11. Qd1 $11) 11... b4 $1 $36 {[%mdl 2048] Black has good play.} 12. axb4 Qb6 13. O-O Bxe2 14. Re1 Bxf3 15. Nxf3 Bxb4 16. Re2 Ngf6 17. Qa2 a5 18. Bh6 Ng4 $1 19. Bg7 Rg8 20. h3 Rxg7 21. hxg4 {[#]} Kf8 $1 22. g5 Rg8 23. Qa4 Qc6 24. Qxc6 Rxc6 25. Ne1 (25. Bf1 $17 {is a better defense.}) 25... Kg7 $19 26. Nd3 Rgc8 27. Bf1 Rc4 28. Nxb4 axb4 ({Resist} 28... Rxb4 29. Rxa5 Rc7 30. Rd2 $17) 29. Re3 (29. Rd2 $17 Rc1 30. Ra6) 29... Rxd4 30. Ra7 Nc5 31. Bb5 (31. Rf3 $142 Rf8 32. Rc7) 31... Ne4 32. Bd7 (32. Rd3 $142 Rc1+ 33. Kg2 Rxd3 34. Bxd3 Nxg5 35. Ra6) 32... Rc2 {Precision: White = 35%, Black = 83%.} 0-1